000 00315 a2200133 4500
000 nam a22 7a 4500
100 _aSalunkhe, I B
110 _aSalunkhe, I B
245 _aPrinciples of angiosperm taxonomy
250 _aLatest edition
260 _bOxford
_c2025
264 _bOxford
_c2025
942 _cBK
999 _c396051
_d396051